| 000 | 00976cam a22002891 4500 | ||
|---|---|---|---|
| 001 | 25686 | ||
| 003 | BD-RjUL | ||
| 005 | 20211209050919.0 | ||
| 008 | 731023s1941 nyuabcf b 000 0 eng | ||
| 035 | _a(BD-RjUL)25756 | ||
| 040 |
_aDLC _cDLC _dDLC _dBD-RjUL _beng |
||
| 041 | _aeng | ||
| 082 | 0 | 0 |
_a940.28 _bHAG 1941 |
| 100 | 1 |
_aHayes, Carlton J. H. _q(Carlton Joseph Huntley), _d1882-1964. _978903 |
|
| 245 | 1 | 2 |
_aA generation of materialism, 1871-1900 / _cby Carlton J.H. Hayes. |
| 260 |
_aNew York ; _aLondon : _bHarper & Brothers, _cc1941. |
||
| 300 |
_axii p., 1 l., 390 p. : _billus. (maps), plates, ports. ; _c23 cm. |
||
| 500 | _aMaps on lining-papers. | ||
| 500 | _a"First edition." | ||
| 504 | _a"Bibliographical essays": p. 341-380. | ||
| 651 | 0 |
_aEurope _xHistory _y1871-1918. _937388 |
|
| 651 | 0 |
_aEurope _xHistory _xPhilosophy. _978905 |
|
| 942 |
_2ddc _cBK |
||
| 999 |
_c25686 _d25686 |
||